Eastern Utah Libraries Catalog: Duchesne, Heber, Roosevelt, & Vernal

The Marcel network : (Record no. 281542)

MARC details
000 -LEADER
fixed length control field 02119cam a2200421 a 4500
001 - CONTROL NUMBER
control field 17419574
003 - CONTROL NUMBER IDENTIFIER
control field DLC-MRC
005 - DATE AND TIME OF LATEST TRANSACTION
control field 20200320191448.0
008 - FIXED-LENGTH DATA ELEMENTS--GENERAL INFORMATION
fixed length control field 120807s2013 vau b 000 0deng
010 ## - LIBRARY OF CONGRESS CONTROL NUMBER
LC control number 2012031568
020 ## - INTERNATIONAL STANDARD BOOK NUMBER
International Standard Book Number 9781612345116 (hardcover : alk. paper) :
Terms of availability 22.00
020 ## - INTERNATIONAL STANDARD BOOK NUMBER
International Standard Book Number 1612345115 (hardcover : alk. paper)
040 ## - CATALOGING SOURCE
Original cataloging agency DLC
Transcribing agency DLC
Modifying agency DLC
-- TnJaDT
042 ## - AUTHENTICATION CODE
Authentication code pcc
043 ## - GEOGRAPHIC AREA CODE
Geographic area code e-fr---
050 00 - LIBRARY OF CONGRESS CALL NUMBER
Classification number DS135.F9
Item number A334 2013
082 00 - DEWEY DECIMAL CLASSIFICATION NUMBER
Classification number 940.53
Edition number 23
100 1# - MAIN ENTRY--PERSONAL NAME
Personal name Coleman, Fred.
9 (RLIN) 5882016
245 14 - TITLE STATEMENT
Title The Marcel network :
Remainder of title how one French couple saved 527 children from the Holocaust /
Statement of responsibility, etc Fred Coleman.
250 ## - EDITION STATEMENT
Edition statement 1st ed.
260 ## - PUBLICATION, DISTRIBUTION, ETC. (IMPRINT)
Place of publication, distribution, etc Dulles, Va. :
Name of publisher, distributor, etc Potomac Books,
Date of publication, distribution, etc c2013.
300 ## - PHYSICAL DESCRIPTION
Extent viii, 230 p. ;
Dimensions 24 cm.
504 ## - BIBLIOGRAPHY, ETC. NOTE
Bibliography, etc Includes bibliographical references (p. 229-230).
505 0# - FORMATTED CONTENTS NOTE
Formatted contents note Children -- Moussa and Odette -- The bishop -- The pastors -- Zazou -- The Germans -- Same child, new identity -- Three girls -- The convent -- Boys -- Switzerland -- Close calls -- Odette arrested -- Moussa alone -- Auschwitz -- Bergen-Belsen -- Liberation -- Reunions -- Depression -- Discreet -- Drama -- The couple -- Revelations.
520 ## - SUMMARY, ETC.
Summary, etc Moussa Abadi And Odette Rosenstock, after becoming trapped in Nazi-Occupied Paris, formed The Marcel Network, which was able to shelter over five hundred Jewish children in Catholic Schools and convents and with Protestant families during World War Ii.
600 10 - SUBJECT ADDED ENTRY--PERSONAL NAME
Personal name Abadi, Moussa.
9 (RLIN) 5882017
600 10 - SUBJECT ADDED ENTRY--PERSONAL NAME
Personal name Abadi, Odette,
Dates associated with a name 1914-.
9 (RLIN) 5882018
650 #0 - SUBJECT ADDED ENTRY--TOPICAL TERM
Topical term or geographic name as entry element Holocaust, Jewish (1939-1945)
Geographic subdivision France
-- Nice.
9 (RLIN) 5882019
650 #0 - SUBJECT ADDED ENTRY--TOPICAL TERM
Topical term or geographic name as entry element World War, 1939-1945
General subdivision Jews
-- Rescue
Geographic subdivision France
-- Nice.
9 (RLIN) 5882020
650 #0 - SUBJECT ADDED ENTRY--TOPICAL TERM
Topical term or geographic name as entry element World War, 1939-1945
General subdivision Children.
9 (RLIN) 94251
650 #0 - SUBJECT ADDED ENTRY--TOPICAL TERM
Topical term or geographic name as entry element Jewish children in the Holocaust
Geographic subdivision France
-- Nice.
9 (RLIN) 5882021
650 #0 - SUBJECT ADDED ENTRY--TOPICAL TERM
Topical term or geographic name as entry element Jews
Form subdivision Biography.
Geographic subdivision France
-- Nice.
9 (RLIN) 5882022
651 #0 - SUBJECT ADDED ENTRY--GEOGRAPHIC NAME
Geographic name Nice (France)
General subdivision Ethnic relations.
9 (RLIN) 5882023
942 ## - ADDED ENTRY ELEMENTS (KOHA)
Koha item type BOOK
948 ## - LOCAL PROCESSING INFORMATION (OCLC); SERIES PART DESIGNATOR (RLIN)
Series part designator, SPT (RLIN) 08/24/2013
z (OCLC) Sirsi
949 ## - LOCAL PROCESSING INFORMATION (OCLC)
d 940.53 Col
p 22.00
996 ## -
-- 102778
-- 34301001246554
-- NF
-- bk
-- wcl
-- i
-- 7
-- 27.50
-- davidson
-- 940.53 Col
-- 09/06/2013
-- 09/21/2018
-- 08/20/2018
Holdings
Withdrawn status Lost status Source of classification or shelving scheme Damaged status Not for loan Collection code Home library Current library Shelving location Date acquired Cost, normal purchase price Total Checkouts Total Renewals Full call number Barcode Date last seen Date checked out Cost, replacement price Price effective from Koha item type
    Dewey Decimal Classification     General NonFiction Wasatch County Library Wasatch County Library Second Floor 09/06/2013 27.50 11 2 940.53 Col 34301001246554 06/25/2024 05/29/2024 27.50 03/20/2020 BOOK
This project was made possible through a grant from the Institute of Museum and Library Service administered by the Utah State Library Division.

Wasatch County Library

  • 465 East 1200 South, Heber City, Utah 84032
  • Phone 435-654-1511 | Fax 435-654-6456

Hours

  • Monday - Friday 9:30 AM - 8:00 PM
  • Saturday 9:30 AM - 1:30 PM
  • Closed Sundays and Holidays